| Tag |
First Indicator |
Second Indicator |
Subfields |
| LEADER |
00000cam a2200000 a 4500 |
| 001 |
in00002003161 |
| 005 |
20151031142921.0 |
| 008 |
910718s1966 mau 000 0 eng d |
| 035 |
|
|
|a (OCoLC)ocm24099069
|
| 040 |
|
|
|a AFM
|c AFM
|d NSL
|d TXA
|d UtOrBLW
|
| 049 |
|
|
|a TXAM
|
| 090 |
|
|
|a GC1
|b .W582 no.66-28
|
| 100 |
1 |
|
|a Gerges, Makram A.
|
| 245 |
1 |
0 |
|a Analysis of deep-ocean tidal currents /
|c by Makram A. Gerges.
|
| 264 |
|
1 |
|a Woods Hole, Mass. :
|b Woods Hole Oceanographic Institution,
|c 1966.
|
| 300 |
|
|
|a 39 leaves :
|b illustrations ;
|c 28 cm.
|
| 336 |
|
|
|a text
|b txt
|2 rdacontent
|
| 337 |
|
|
|a unmediated
|b n
|2 rdamedia
|
| 338 |
|
|
|a volume
|b nc
|2 rdacarrier
|
| 490 |
1 |
|
|a Woods Hole, Mass. Oceanographic Institution ;
|v Reference no. 66-28.
|a Technical report
|
| 500 |
|
|
|a "June 1966."
|
| 504 |
|
|
|a Includes bibliographical references (leaves 38-39).
|
| 650 |
|
0 |
|a Tidal currents
|z Atlantic Ocean.
|
| 710 |
2 |
|
|a Woods Hole Oceanographic Institution.
|
| 830 |
|
0 |
|a Woods Hole Oceanographic Institution (Series) ;
|v no. 66-28.
|
| 948 |
|
|
|a cataloged
|b h
|c 2004/11/19
|d c
|e dmitchel
|f 8:44:38 am
|
| 994 |
|
|
|a E0
|b TXA
|
| 999 |
|
|
|a MARS
|
| 999 |
f |
f |
|s 9faf44ec-c835-3467-a3c3-15e1756fd546
|i 964c74b5-876a-3405-ba4f-2523c2aa8e40
|t 0
|
| 952 |
f |
f |
|p ric
|a Texas A&M University
|b Rellis Campus
|c Joint Library Facility
|d Remote Storage
|t 0
|e GC1 .W582 no.66-28
|h Library of Congress classification
|i unmediated -- volume
|m A14831638053
|
| 998 |
f |
f |
|a GC1 .W582 no.66-28
|t 0
|l Remote Storage
|